| 000 | 00759nam a2200181Ia 4500 | ||
|---|---|---|---|
| 008 | 151202s9999||||xx |||||||||||||| ||und|| | ||
| 082 | _bPNVM-30254 | ||
| 100 | _aपॅटरसन जेम्स-अनु.गुर्जर रवींद्र. | ||
| 245 | _aफर्स्ट टु डाय. | ||
| 260 | _b"मेहता पब्लिशिंग हाऊस, पुणे." | ||
| 260 | _c2004 | ||
| 300 | _a282 | ||
| 600 | _aपॅटरसन जेम्स-अनु.गुर्जर रवींद्र. | ||
| 630 | _aफर्स्ट टु डाय. | ||
| 700 | _aपॅटरसन जेम्स-अनु.गुर्जर रवींद्र. | ||
| 730 | _aफर्स्ट टु डाय. | ||
| 942 | _cBOOK | ||
| 999 |
_c1296217 _d1296214 |
||